Oceania - Countries by Population - Statistics

General Stats
  • This quiz has been taken 29 times
  • The average score is 11 of 14
Answer Stats
Hint Answer % Correct
26,974,026 Australia
100%
5,251,899 New Zealand
92%
933,154 Fiji
84%
10,762,817 Papua New Guinea
84%
219,306 Samoa
84%
36,282 Marshall Islands
80%
113,683 Micronesia
80%
12,025 Nauru
80%
136,488 Kiribati
76%
17,663 Palau
76%
103,742 Tonga
72%
335,169 Vanuatu
72%
9,492 Tuvalu
68%
838,645 Soloman Islands
12%
No matching quizzes found
Score Distribution
Percent of People with Each Score
Percentile by Number Answered
Your Score History
You have not taken this quiz